| 000 | 00387pab a2200157 454500 | ||
|---|---|---|---|
| 008 | 180718b1996 xxu||||| |||| 00| 0 eng d | ||
| 100 | _aChhabra, Hari Sharan | ||
| 245 | _aCooperation in the Indian Ocean Rim | ||
| 260 | _c1996 | ||
| 300 | _ap.10 | ||
| 362 | _a8 Nov | ||
| 650 | _aInternational relations | ||
| 650 | _aIndian Ocean Rim | ||
| 773 | _aHindustan Times | ||
| 909 | _a33674 | ||
| 999 |
_c33674 _d33674 |
||